Aspectos necesarios a considerar en la formación de profesores

Gardado en:
Detalles Bibliográficos
Autor Principal: Soto Carrasco, María Hilda (Author)
Formato: Libro
Idioma:Lingua castelá
Publicado: La Serena Universidad de La Serena 1992
Series:Documento de Trabajo, 47
Subjects:
Tags: Engadir etiqueta
Sen Etiquetas, Sexa o primeiro en etiquetar este rexistro!

MARC

LEADER 00000nam a2200000 a 4500
001 UCT1833
003 CL-VaPUC
005 20240531101029.0
008 961004e19920000cl 1 spa d
082 0 4 |a 371.146  |b SOT  |2 21 
100 1 |a Soto Carrasco, María Hilda  |e author  |9 618000 
245 1 0 |a Aspectos necesarios a considerar en la formación de profesores  
260 |a La Serena  |b Universidad de La Serena  |c 1992 
300 |a 20 p 
490 0 |a Documento de Trabajo, 47 
583 |a last modification  |c 19961004 00:00:00  |k Rodrigo Vera 
650 0 0 |a Aporte educacional   |9 618001 
650 0 0 |a Calidad de la educación   |9 307271 
650 0 7 |a CAPACITACION  |2 CL-VaPUC  |9 333907 
650 0 0 |a Formación profesional   |9 257232 
650 0 7 |a HABILIDADES PEDAGOGICAS  |2 CL-VaPUC  |9 370851 
650 0 0 |a Docentes  |9 311365 
650 0 7 |a ESTRATEGIAS EDUCACIONALES  |2 CL-VaPUC  |9 370850 
942 |c BK 
945 |a rbrito  |d 19961004 00:00:00 
546 |a En Español 
536 |a Universidad de La Serena 
518 |p Tendencias de desarrollo, políticas públicas en educación y formación de profesores de educción media en Chile hoy, La Serena, Octubre de 1992 
999 |c 382743  |d 382741 
952 |0 0  |1 0  |4 0  |6 371_146000000000000_SOT_1992  |7 0  |8 P  |9 504610  |a BIBEDU  |b BIBEDU  |c BIBEDU_PB  |d 2020-01-23  |i 310642K  |o 371.146 SOT 1992  |p 310642K  |r 2020-01-23  |w 2020-01-23  |y BK  |k EDU